Normal view
MARC view
- Dowling J W F
Entry Personal Name
001 - CONTROL NUMBER
- control field: 43605
003 - CONTROL NUMBER IDENTIFIER
- control field: NUST
005 - DATE AND TIME OF LATEST TRANSACTION
- control field: 20210314132711.0
008 - FIXED-LENGTH DATA ELEMENTS
- fixed length control field: 210314|| aca||aabn | a|a d
040 ## - CATALOGING SOURCE
- Original cataloging agency: NUST
- Transcribing agency: NUST
100 ## - HEADING--PERSONAL NAME
- Personal name: Dowling J W F
670 ## - SOURCE DATA FOUND
- Source citation: Work cat.: (NUST): Dowling J W F, Examples of the use of terrestriaal photogrammetry in highway engineering
